[Event "Bogota Superate Intercol Adv (Women)"]
[Site "Bogota"]
[Date "2014.10.24"]
[Round "5.8"]
[White "Camacho Calderon, Katherine"]
[Black "Tovar Meza, Lina"]
[Result "1-0"]
[WhiteElo "1610"]
[BlackElo "1425"]
[PlyCount "67"]
[EventDate "2014.10.24"]
[EventType "swiss (blitz)"]
[EventRounds "8"]
[EventCountry "COL"]
[SourceTitle "EXT 2024"]
[Source "ChessBase"]
[SourceDate "2023.10.10"]
[SourceVersion "1"]
[SourceVersionDate "2023.10.10"]
[SourceQuality "1"]

1. e4 e5 2. Nf3 Nc6 3. Bc4 Nf6 4. Ng5 d6 5. Nxf7 Qe7 6. Nxh8 Be6 7. Bxe6 Qxe6 8. 0-0 Qg8 9. Nc3 Qxh8 10. b3 0-0-0 11. Bb2 Qg8 12. Qe2 d5 13. exd5 Nxd5 14. Rae1 Nd4 15. Qxe5 Nxc3 16. Bxc3 Nxc2 17. Rc1 Bd6 18. Qf5+ Kb8 19. Qxc2 g5 20. Rfe1 h5 21. a3 g4 22. Re3 h4 23. h3 g3 24. Rf1 Bc5 25. Rf3 Rf8 26. Rxf8+ Qxf8 27. d4 Bxa3 28. fxg3 Qe7 29. gxh4 Qxh4 30. Qd2 a6 31. Re1 c5 32. Re8+ Ka7 33. Re5 cxd4 34. Bxd4+ 1-0

[Event "Bogota Superate Intercol Adv (Women)"]
[Site "Bogota"]
[Date "2014.10.24"]
[Round "6.6"]
[White "Valencia Lopez, Daily Vanessa"]
[Black "Camacho Calderon, Katherine"]
[Result "1-0"]
[WhiteElo "1534"]
[BlackElo "1610"]
[PlyCount "73"]
[EventDate "2014.10.24"]
[EventType "swiss (blitz)"]
[EventRounds "8"]
[EventCountry "COL"]
[SourceTitle "EXT 2024"]
[Source "ChessBase"]
[SourceDate "2023.10.10"]
[SourceVersion "1"]
[SourceVersionDate "2023.10.10"]
[SourceQuality "1"]

1. e4 e5 2. Nf3 Nc6 3. Bb5 a6 4. Ba4 b5 5. Bb3 Na5 6. Nxe5 Nxb3 7. axb3 Qe7 8. Nf3 Qxe4+ 9. Qe2 Qxe2+ 10. Kxe2 Bc5 11. Re1 Ne7 12. d4 Bd6 13. Kf1 0-0 14. Bg5 f6 15. Bd2 c5 16. dxc5 Bxc5 17. Nc3 b4 18. Ne4 Ba7 19. Bxb4 Re8 20. Nd6 Kf8 21. Nxe8 Kxe8 22. Rxe7+ Kd8 23. Rxg7 Rb8 24. Ba5+ Bb6 25. Bxb6+ Rxb6 26. Rxh7 a5 27. Rxa5 Ba6+ 28. Ke1 Re6+ 29. Kd2 Rd6+ 30. Kc1 Rc6 31. Nd4 Rd6 32. Rh8+ Ke7 33. Nf5+ Ke6 34. Nxd6 Kxd6 35. Rxa6+ Ke5 36. Rh5+ Ke4 37. Ra4# 1-0

[Event "Bogota Superate Intercol Adv (Women)"]
[Site "Bogota"]
[Date "2014.10.24"]
[Round "4.3"]
[White "Velasquez, Angie Gabriela"]
[Black "Camacho Calderon, Katherine"]
[Result "1-0"]
[WhiteElo "1832"]
[BlackElo "1610"]
[PlyCount "79"]
[EventDate "2014.10.24"]
[EventType "swiss (blitz)"]
[EventRounds "8"]
[EventCountry "COL"]
[SourceTitle "EXT 2024"]
[Source "ChessBase"]
[SourceDate "2023.10.10"]
[SourceVersion "1"]
[SourceVersionDate "2023.10.10"]
[SourceQuality "1"]

1. e4 e5 2. Nf3 Nc6 3. d4 exd4 4. Nxd4 Nxd4 5. Qxd4 c5 6. Qd3 Nf6 7. Bf4 Be7 8. Be2 0-0 9. 0-0 b6 10. Nc3 Bb7 11. Nd5 Nxd5 12. exd5 d6 13. c4 a5 14. b3 Rc8 15. a4 Qd7 16. Rae1 Rfe8 17. Qg3 g6 18. Bd3 f5 19. h4 Rf8 20. h5 Qe8 21. hxg6 hxg6 22. Bxd6 Rf7 23. Bxe7 Rxe7 24. Rxe7 Qxe7 25. Bxf5 Kf8 26. Bxc8 Bxc8 27. Qxg6 Qh4 28. Qxb6 Kg7 29. Qc7+ Kg6 30. Qxc8 Kg5 31. Qd8+ Kh5 32. Qxh4+ Kxh4 33. d6 Kh5 34. d7 Kg6 35. d8Q Kg7 36. Qg5+ Kf7 37. Re1 Kf8 38. b4 cxb4 39. Re7 b3 40. Qg7# 1-0

[Event "Bogota Superate Intercol Adv (Women)"]
[Site "Bogota"]
[Date "2014.10.23"]
[Round "6.8"]
[White "Hermida, Paula Camila"]
[Black "Camacho Calderon, Katherine"]
[Result "0-1"]
[WhiteElo "1482"]
[BlackElo "1610"]
[PlyCount "54"]
[EventDate "2014.10.23"]
[EventType "swiss (rapid)"]
[EventRounds "6"]
[EventCountry "COL"]
[SourceTitle "EXT 2024"]
[Source "ChessBase"]
[SourceDate "2023.10.10"]
[SourceVersion "1"]
[SourceVersionDate "2023.10.10"]
[SourceQuality "1"]

1. e4 e5 2. Nf3 Nc6 3. Bb5 Nge7 4. Nc3 a6 5. Bc4 f6 6. d3 b5 7. Bb3 Na5 8. Bd5 c6 9. b4 cxd5 10. bxa5 Qxa5 11. 0-0 b4 12. Nxd5 Nxd5 13. exd5 Qxd5 14. Qd2 Bb7 15. d4 e4 16. Nh4 g5 17. Re1 gxh4 18. Qf4 f5 19. h3 Kd8 20. Qxh4+ Be7 21. Qf4 e3 22. Qg3 exf2+ 23. Qxf2 Rg8 24. Kf1 Rxg2 25. Qe3 Qc4+ 26. Re2 Rxe2 27. Qg3 Re3+ 0-1

[Event "Bogota Superate Intercol Adv (Women)"]
[Site "Bogota"]
[Date "2014.10.23"]
[Round "4.6"]
[White "Rodas Jaramillo, Nathaly"]
[Black "Camacho Calderon, Katherine"]
[Result "1-0"]
[WhiteElo "1321"]
[BlackElo "1610"]
[PlyCount "39"]
[EventDate "2014.10.23"]
[EventType "swiss (rapid)"]
[EventRounds "6"]
[EventCountry "COL"]
[SourceTitle "EXT 2024"]
[Source "ChessBase"]
[SourceDate "2023.10.10"]
[SourceVersion "1"]
[SourceVersionDate "2023.10.10"]
[SourceQuality "1"]

1. d4 d5 2. Nf3 Nc6 3. Nc3 Nf6 4. Bf4 a6 5. Qd3 Nh5 6. Bg3 Nxg3 7. hxg3 g6 8. e3 Nb4 9. Qe2 Bg7 10. e4 dxe4 11. Qxe4 Bf5 12. Qxb7 Nxc2+ 13. Kd1 Nxa1 14. Bc4 Rb8 15. Qxa6 Rxb2 16. Bb5+ Kf8 17. Nh4 Qxd4+ 18. Bd3 Bxd3 19. Qc8+ Qd8 20. Qxd8# 1-0

[Event "Bogota IRT Categoria A U14 Girls"]
[Site "Bogota"]
[Date "2013.10.27"]
[Round "1.1"]
[White "Argote Heredia, Valentina"]
[Black "Camacho Calderon, Katherine"]
[Result "1-0"]
[WhiteElo "1861"]
[BlackElo "1600"]
[PlyCount "55"]
[EventDate "2013.10.27"]
[EventType "swiss"]
[EventRounds "5"]
[EventCountry "COL"]
[SourceTitle "EXT 2024"]
[Source "ChessBase"]
[SourceDate "2023.10.10"]
[SourceVersion "1"]
[SourceVersionDate "2023.10.10"]
[SourceQuality "1"]

1. e4 e5 2. Nf3 d6 3. d4 Nf6 4. dxe5 dxe5 5. Qxd8+ Kxd8 6. Nxe5 Nxe4 7. Nxf7+ Ke8 8. Nxh8 Nc6 9. Bc4 Nd6 10. Bb3 Nd4 11. Nc3 c6 12. Bf4 N4f5 13. 0-0-0 Bd7 14. Rhe1+ Kd8 15. g4 Nh6 16. Bxd6 Bxd6 17. Rxd6 Kc7 18. Rd4 Rxh8 19. Re7 Rd8 20. Be6 Kb6 21. Rdxd7 Rxd7 22. Rxd7 a6 23. g5 a5 24. gxh6 gxh6 25. Na4+ Kb5 26. b3 Kb4 27. Kb2 Kb5 28. Bc4+ 1-0